Statystyki dla Tabela ekstraklasy 21/22

Kliknij tutaj aby rozwiązać quiz!

Ogólne statystyki

  • Ten quiz został rozwiązany 71 razy
  • Średni wynik to 12 z 15

Statystyki odpowiedzi

MiejsceOdpowiedź% Poprawnych
1Lech Poznań
98%
10Legia Warszawa
95%
4Lechia Gdańsk
92%
2Raków Częstochowa
92%
3Pogoń Szczecin
90%
9Cracovia
79%
12Jagiellonia
77%
15Śląsk Wrocław
77%
6Wisła Płock
76%
8Górnik Zabrze
73%
5Piast Gliwice
73%
14Stal Mielec
69%
13Zagłębie Lubin
69%
11Warta Poznań
68%
7Radomiak
65%

Rozkład punktacji

Percentyl według liczby udzielonych odpowiedzi

Procent ludzi z każdym wynikiem

Twoja historia wyników

Nie rozwiązałeś tego quizu